Họ sống và chiến đấu: Ký sự
Сохранить в:
| Главный автор: | |
|---|---|
| Формат: | |
| Язык: | Undetermined |
| Опубликовано: |
H.
Trẻ
2002
|
| Предметы: | |
| Метки: |
Добавить метку
Нет меток, Требуется 1-ая метка записи!
|
| Thư viện lưu trữ: | Trung tâm Học liệu Trường Đại học Cần Thơ |
|---|
| LEADER | 00485nam a2200181Ia 4500 | ||
|---|---|---|---|
| 001 | CTU_54802 | ||
| 008 | 210402s9999 xx 000 0 und d | ||
| 020 | |b 15500 | ||
| 082 | |a 895.9228 | ||
| 082 | |b Kh103 | ||
| 100 | |a Nguyễn Khải | ||
| 245 | 0 | |a Họ sống và chiến đấu: Ký sự | |
| 245 | 0 | |c Nguyễn Khải | |
| 260 | |a H. | ||
| 260 | |b Trẻ | ||
| 260 | |c 2002 | ||
| 650 | |a vietnamese fiction | ||
| 980 | |a Trung tâm Học liệu Trường Đại học Cần Thơ | ||